[Event "AUS-ch"]
[Site "Adelaide"]
[Date "2024.01.03"]
[Round "2"]
[White "Jordan, William J"]
[Black "Tao, Trevor"]
[Result "1/2-1/2"]
[WhiteElo "2143"]
[BlackElo "2364"]
[PlyCount "78"]
[EventDate "2024.01.02"]
[EventType "swiss"]
[EventRounds "11"]
[EventCountry "AUS"]
[SourceTitle "CB03_2024"]
[SourceDate "2024.01.17"]
[SourceVersion "1"]
[SourceVersionDate "2024.01.17"]
[SourceQuality "1"]

1. e4 c6 2. Nf3 d5 3. Nc3 Bg4 4. h3 Bh5 5. exd5 cxd5 6. g4 Bg6 7. Ne5 Nc6 8. d4 e6 9. h4 f6 10. h5 Bf7 11. Nxc6 bxc6 12. Bf4 Bd6 13. Bxd6 Qxd6 14. Qd2 Ne7 15. Na4 e5 16. 0-0-0 0-0 17. Bh3 Rfb8 18. Nc5 exd4 19. Qxd4 a5 20. a3 Rb5 21. b4 axb4 22. axb4 Qb8 23. Nd3 c5 24. bxc5 Nc6 25. Qf4 Ne5 26. Kd2 Rxc5 27. Qb4 Qxb4+ 28. Nxb4 Rc4 29. Ra1 Rxa1 30. Rxa1 h6 31. Ra8+ Kh7 32. Nd3 Nxg4 33. f3 Bxh5 34. fxg4 Bxg4 35. Bg2 Be6 36. Re8 Bf7 37. Rf8 Be6 38. Re8 Bf7 39. Rf8 Be6 1/2-1/2

[Event "Doeberl Cup 57th"]
[Site "Canberra"]
[Date "2019.04.21"]
[Round "7"]
[White "Mallari, Donato"]
[Black "Tao, Trevor"]
[Result "0-1"]
[WhiteElo "1994"]
[BlackElo "2364"]
[PlyCount "106"]
[EventDate "2019.04.18"]
[EventType "swiss"]
[EventRounds "9"]
[EventCountry "AUS"]
[SourceTitle "CBM 189 Extra"]
[Source "ChessBase"]
[SourceDate "2019.06.03"]
[SourceVersion "1"]
[SourceVersionDate "2019.06.03"]
[SourceQuality "1"]

1. e4 c6 2. d4 d5 3. exd5 Qxd5 4. Nf3 Nf6 5. Nc3 Qa5 6. Bd3 Bg4 7. Bd2 e6 8. Ne4 Qc7 9. h3 Bh5 10. g4 Bg6 11. Nxf6+ gxf6 12. Qe2 Nd7 13. 0-0-0 0-0-0 14. h4 Kb8 15. Be3 Bxd3 16. Rxd3 Bd6 17. Kb1 Qa5 18. c4 h5 19. Bd2 Qa6 20. gxh5 Qxc4 21. Rc1 Qb5 22. h6 Qf5 23. Ka1 Bf4 24. Rb3 Nb6 25. a4 Rd5 26. Ra3 Bxd2 27. Qxd2 Nxa4 28. Rxa4 Qxf3 29. Rg1 a6 30. Ka2 Rh5 31. Rg7 Qd5+ 32. b3 R5xh6 33. Rxf7 R6h7 34. Qf4+ Ka7 35. Rxh7 Rxh7 36. Qxf6 Rh5 37. f4 Rf5 38. Qe7 Rxf4 39. Qc5+ Kb8 40. Qb6 Rxh4 41. Rb4 Rh7 42. Ka3 a5 43. Rc4 Rh1 44. Kb2 Rh2+ 45. Ka3 Qd6+ 46. Qc5 Kc7 47. b4 axb4+ 48. Kxb4 b6 49. Qxd6+ Kxd6 50. Rc1 Rh4 51. Kc3 Kd5 52. Rd1 b5 53. Rd2 b4+ 0-1

[Event "Doeberl Cup 57th"]
[Site "Canberra"]
[Date "2019.04.20"]
[Round "6"]
[White "Padmini, Rout"]
[Black "Tao, Trevor"]
[Result "1-0"]
[WhiteElo "2364"]
[BlackElo "2364"]
[PlyCount "59"]
[EventDate "2019.04.18"]
[EventType "swiss"]
[EventRounds "9"]
[EventCountry "AUS"]
[SourceTitle "CBM 189 Extra"]
[Source "ChessBase"]
[SourceDate "2019.06.03"]
[SourceVersion "1"]
[SourceVersionDate "2019.06.03"]
[SourceQuality "1"]

1. e4 c6 2. Nc3 d5 3. Nf3 dxe4 4. Nxe4 Nf6 5. Qe2 Qd5 6. Nxf6+ gxf6 7. g3 Bf5 8. d3 Qd7 9. Bd2 Na6 10. Bg2 0-0-0 11. 0-0 Bh3 12. b4 Bxg2 13. Kxg2 e6 14. Rfb1 Nc7 15. a4 e5 16. b5 Bc5 17. Be3 Qd5 18. bxc6 Qxc6 19. Bxc5 Qxc5 20. Rb3 Rd6 21. a5 Rhd8 22. Rab1 b6 23. axb6 Rxb6 24. Rxb6 axb6 25. Qe4 Rd6 26. c4 h6 27. Nh4 Qc6 28. Nf5 Qxe4+ 29. dxe4 Rd7 30. Rxb6 1-0

[Event "Doeberl Cup 57th"]
[Site "Canberra"]
[Date "2019.04.19"]
[Round "3"]
[White "Tao, Trevor"]
[Black "Smirnov, Anton"]
[Result "1/2-1/2"]
[WhiteElo "2364"]
[BlackElo "2567"]
[PlyCount "74"]
[EventDate "2019.04.18"]
[EventType "swiss"]
[EventRounds "9"]
[EventCountry "AUS"]
[SourceTitle "CBM 189 Extra"]
[Source "ChessBase"]
[SourceDate "2019.06.03"]
[SourceVersion "1"]
[SourceVersionDate "2019.06.03"]
[SourceQuality "1"]

1. c4 e5 2. Nc3 Nf6 3. Nf3 Nc6 4. e4 Bb4 5. d3 d6 6. Be2 h6 7. 0-0 Bxc3 8. bxc3 0-0 9. Ne1 Nh7 10. Nc2 Ne7 11. f4 exf4 12. Bxf4 f5 13. exf5 Nxf5 14. Rb1 Rb8 15. Bf3 Nf6 16. Nb4 Bd7 17. Nd5 Bc6 18. Qe1 Nxd5 19. cxd5 Bd7 20. Rb4 Qf6 21. Be4 Ne7 22. Rf2 Bf5 23. Be3 b6 24. Bxf5 Nxf5 25. Re4 Qg6 26. Bd2 Rf6 27. c4 Rbf8 28. Bc3 R6f7 29. Ref4 Ne7 30. Rxf7 Rxf7 31. Qe6 Kf8 32. Qxg6 Nxg6 33. g3 Rxf2 34. Kxf2 Kf7 35. Ke3 Nf8 36. Kf4 Nd7 37. Bd4 Nf8 1/2-1/2

[Event "Doeberl Cup 56th"]
[Site "Canberra"]
[Date "2018.04.01"]
[Round "7"]
[White "Tao, Trevor"]
[Black "Mu, Ke"]
[Result "0-1"]
[WhiteElo "2366"]
[BlackElo "2450"]
[PlyCount "70"]
[EventDate "2018.03.29"]
[EventType "swiss"]
[EventRounds "9"]
[EventCountry "AUS"]
[SourceTitle "CBM 187 Extra"]
[Source "ChessBase"]
[SourceDate "2018.11.04"]
[SourceVersion "1"]
[SourceVersionDate "2018.11.04"]
[SourceQuality "1"]

1. d4 Nf6 2. Nf3 g6 3. c4 Bg7 4. Nc3 0-0 5. e3 d5 6. b4 c6 7. Bb2 b6 8. Qb3 Bb7 9. Be2 e6 10. 0-0 Nbd7 11. a4 dxc4 12. Bxc4 c5 13. dxc5 bxc5 14. b5 Bxf3 15. gxf3 Ne5 16. Be2 g5 17. Rad1 Qc7 18. Ne4 Nxe4 19. fxe4 g4 20. Bxe5 Qxe5 21. f3 gxf3 22. Bxf3 Kh8 23. Kh1 Rfd8 24. Bg2 Qh5 25. Bf3 Qh4 26. Qc2 Be5 27. a5 c4 28. Rxd8+ Rxd8 29. Rd1 Rb8 30. Rb1 c3 31. Qg2 Rg8 32. Qe2 Rd8 33. Qg2 Rd2 34. Be2 Rxe2 35. Qxe2 Qxe4+ 0-1

[Event "Doeberl Cup 56th"]
[Site "Canberra"]
[Date "2018.03.29"]
[Round "2"]
[White "Goh, Sean Christian"]
[Black "Tao, Trevor"]
[Result "1-0"]
[WhiteElo "1837"]
[BlackElo "2366"]
[PlyCount "77"]
[EventDate "2018.03.29"]
[EventType "swiss"]
[EventRounds "9"]
[EventCountry "AUS"]
[SourceTitle "CBM 187 Extra"]
[Source "ChessBase"]
[SourceDate "2018.11.04"]
[SourceVersion "1"]
[SourceVersionDate "2018.11.04"]
[SourceQuality "1"]

1. d4 Nf6 2. c4 e6 3. Nc3 Bb4 4. e3 b6 5. Bd3 Bb7 6. f3 d5 7. Nge2 0-0 8. 0-0 Nbd7 9. a3 Bxc3 10. Nxc3 c5 11. cxd5 exd5 12. Kh1 Qe7 13. Re1 Rfe8 14. Bd2 a6 15. b4 Qd6 16. Rb1 Bc6 17. Bc2 h6 18. Ne2 Bb5 19. bxc5 bxc5 20. dxc5 Qxc5 21. Nd4 Ne5 22. Bb4 Qc7 23. Rc1 Bc4 24. a4 a5 25. Ba3 Ra6 26. Nb3 Qb8 27. Rb1 Qd8 28. Qd2 Rc6 29. Nd4 Rb6 30. Bc5 Rxb1 31. Rxb1 Nfd7 32. Ba3 Nf8 33. Nf5 Re6 34. Qd4 f6 35. Bxf8 Qxf8 36. Qa7 Nf7 37. Rb8 Re8 38. Ne7+ Rxe7 39. Qa8 1-0

[Event "Doeberl Cup 56th"]
[Site "Canberra"]
[Date "2018.03.29"]
[Round "1"]
[White "Tao, Trevor"]
[Black "Prasad, Lalit"]
[Result "1-0"]
[WhiteElo "2366"]
[BlackElo "1986"]
[PlyCount "113"]
[EventDate "2018.03.29"]
[EventType "swiss"]
[EventRounds "9"]
[EventCountry "AUS"]
[SourceTitle "CBM 187 Extra"]
[Source "ChessBase"]
[SourceDate "2018.11.04"]
[SourceVersion "1"]
[SourceVersionDate "2018.11.04"]
[SourceQuality "1"]

1. d4 Nf6 2. Bf4 g6 3. e3 Bg7 4. Nf3 0-0 5. c4 c5 6. Nc3 cxd4 7. Nxd4 d6 8. Bg3 Nc6 9. Be2 Nxd4 10. exd4 Bf5 11. 0-0 Rc8 12. Qd2 d5 13. c5 Ne4 14. Nxe4 dxe4 15. Rfd1 e5 16. dxe5 Qxd2 17. Rxd2 Rxc5 18. b4 Bh6 19. bxc5 Bxd2 20. Rb1 Rc8 21. Rxb7 Rxc5 22. h3 a5 23. a4 Bc3 24. Rb5 Bd4 25. Rxc5 Bxc5 26. Bb5 Kf8 27. Bh4 e3 28. Kf1 exf2 29. Bd8 Bd4 30. Bxa5 Ke7 31. Bc4 Bxe5 32. Kxf2 Be4 33. Bb4+ Ke8 34. Bc5 f5 35. a5 Kd7 36. Bb5+ Kc7 37. a6 g5 38. g3 h5 39. a7 Kb7 40. Be8 g4 41. h4 f4 42. gxf4 Bxf4 43. Bxh5 g3+ 44. Kg1 Bc7 45. Bg4 Ka6 46. Bh3 Bd8 47. h5 Bg5 48. Bg2 Bxg2 49. Kxg2 Kb7 50. Kxg3 Bf6 51. Kf4 Bg7 52. Kf5 Bh6 53. Kg6 Bd2 54. Be7 Kxa7 55. Bg5 Bc3 56. h6 Bh8 57. Bf6 1-0

[Event "Doeberl Cup 55th"]
[Site "Canberra"]
[Date "2017.04.16"]
[Round "7"]
[White "Heberla, Bartlomiej"]
[Black "Tao, Trevor"]
[Result "1-0"]
[WhiteElo "2580"]
[BlackElo "2381"]
[PlyCount "155"]
[EventDate "2017.04.13"]
[EventType "swiss"]
[EventRounds "9"]
[EventCountry "AUS"]
[SourceTitle "CBM 177 Extra"]
[Source "ChessBase"]
[SourceDate "2017.04.27"]
[SourceVersion "1"]
[SourceVersionDate "2017.04.27"]
[SourceQuality "1"]

1. e4 c6 2. d4 d5 3. Nc3 g6 4. h3 Bg7 5. Nf3 dxe4 6. Nxe4 Nf6 7. Nxf6+ Bxf6 8. c3 0-0 9. Bh6 Bg7 10. Qd2 Qd5 11. c4 Bxh6 12. Qxh6 Qa5+ 13. Kd1 Nd7 14. Bd3 Nf6 15. Re1 Be6 16. Rxe6 fxe6 17. Ng5 Rf7 18. Nxf7 Kxf7 19. Kc2 Rd8 20. Qe3 Qa4+ 21. b3 Qa3 22. g4 a5 23. g5 Nh5 24. Be2 Ng7 25. Bg4 a4 26. Qc3 Qd6 27. Rd1 axb3+ 28. axb3 Kg8 29. c5 Qd5 30. Qe3 Nf5 31. Bxf5 Qxf5+ 32. Rd3 Rf8 33. Kc3 Qd5 34. f4 Ra8 35. Qe5 Kf7 36. Qxd5 exd5 37. Kb2 Ke6 38. Re3+ Kd7 39. Rg3 Rf8 40. Rg4 Ke6 41. Rh4 Rf7 42. Kc3 Kd7 43. Kb4 Ke6 44. Kc3 Kd7 45. Kd3 Ke8 46. Ke3 Kf8 47. Rg4 Ke8 48. h4 Rf8 49. Rg1 Kf7 50. Ra1 Rb8 51. b4 Ke6 52. Ra7 Kf5 53. Kf3 Ke6 54. Kg4 Kf7 55. f5 gxf5+ 56. Kxf5 b6 57. h5 bxc5 58. bxc5 Rb1 59. g6+ hxg6+ 60. hxg6+ Kf8 61. Ke6 Rd1 62. Kd7 Rxd4 63. Kxc6 Rd1 64. Kd7 Kg7 65. c6 Rc1 66. c7 d4 67. c8Q Rxc8 68. Kxc8 Kxg6 69. Ra5 Kf6 70. Kd7 d3 71. Rd5 e5 72. Rxd3 Kf5 73. Kc6 e4 74. Rd8 e3 75. Kd5 Kf4 76. Kd4 e2 77. Re8 e1N 78. Rxe1 1-0

[Event "Doeberl Cup 55th"]
[Site "Canberra"]
[Date "2017.04.15"]
[Round "5"]
[White "Tao, Trevor"]
[Black "Peng, Shunkai"]
[Result "1-0"]
[WhiteElo "2381"]
[BlackElo "2206"]
[PlyCount "112"]
[EventDate "2017.04.13"]
[EventType "swiss"]
[EventRounds "9"]
[EventCountry "AUS"]
[SourceTitle "CBM 177 Extra"]
[Source "ChessBase"]
[SourceDate "2017.04.27"]
[SourceVersion "1"]
[SourceVersionDate "2017.04.27"]
[SourceQuality "1"]

1. e4 e5 2. Nf3 Nf6 3. Nc3 Bb4 4. Nxe5 0-0 5. Nd3 Bxc3 6. dxc3 Nxe4 7. Be2 d5 8. 0-0 c6 9. a4 a5 10. Be3 Nd7 11. Re1 Re8 12. Bf1 Nf8 13. Nf4 Ne6 14. Nxe6 Bxe6 15. f3 Nd6 16. b3 Qc7 17. Qd2 Rad8 18. Qf2 Nc8 19. b4 Rd7 20. Bd3 Qd8 21. Bd4 axb4 22. cxb4 Nd6 23. Qg3 f6 24. Bxh7+ Kxh7 25. Rxe6 Rxe6 26. Qh3+ Kg6 27. Qxe6 Nf5 28. Bc5 Qc7 29. Re1 Rd8 30. a5 Rh8 31. h3 Qf4 32. Qe2 Qg3 33. Bf2 Qf4 34. c3 Qg5 35. Kf1 Qf4 36. Qd3 Kf7 37. b5 Ra8 38. bxc6 bxc6 39. a6 Nd6 40. a7 Qc4 41. Qxc4 dxc4 42. Bc5 Nb5 43. Re7+ Kg6 44. Rb7 Kf5 45. Rb8 Nc7 46. Bb6 g5 47. Kf2 Ke6 48. f4 Kf5 49. fxg5 fxg5 50. Kf3 Kg6 51. Kg4 Kh6 52. Bd4 Kg6 53. Be3 Kf6 54. Rxa8 Nxa8 55. Bxg5+ Kg6 56. Bd8 c5 1-0

[Event "Doeberl Cup 55th"]
[Site "Canberra"]
[Date "2017.04.14"]
[Round "4"]
[White "Chan, Kris"]
[Black "Tao, Trevor"]
[Result "0-1"]
[WhiteElo "2112"]
[BlackElo "2381"]
[PlyCount "72"]
[EventDate "2017.04.13"]
[EventType "swiss"]
[EventRounds "9"]
[EventCountry "AUS"]
[SourceTitle "CBM 177 Extra"]
[Source "ChessBase"]
[SourceDate "2017.04.27"]
[SourceVersion "1"]
[SourceVersionDate "2017.04.27"]
[SourceQuality "1"]

1. d4 d5 2. c4 dxc4 3. Nf3 a6 4. a4 Nf6 5. Nc3 Nc6 6. d5 Na5 7. e4 e6 8. Bg5 Be7 9. dxe6 Bxe6 10. Nd4 Qd6 11. Nxe6 Qxe6 12. Bxf6 Bxf6 13. Qd5 Qb6 14. 0-0-0 Rd8 15. Qh5 Nb3+ 16. Kc2 Qxf2+ 17. Be2 Nd4+ 18. Kb1 Nxe2 19. Rxd8+ Kxd8 20. Nxe2 Kc8 21. e5 Re8 22. Qxf7 Qf5+ 23. Ka1 Qxe5 24. Nc3 Qe6 25. Qh5 Bxc3 26. bxc3 Qc6 27. Qf5+ Kb8 28. Qc2 Re5 29. Rb1 Qe8 30. Qd1 Re2 31. h3 g5 32. g4 Qe7 33. Qc1 b6 34. a5 b5 35. h4 gxh4 36. g5 h3 0-1

[Event "Doeberl Cup 54th"]
[Site "Canberra"]
[Date "2016.03.27"]
[Round "7"]
[White "Tao, Trevor"]
[Black "Chan, Kris"]
[Result "1-0"]
[WhiteElo "2384"]
[BlackElo "2098"]
[PlyCount "71"]
[EventDate "2016.03.24"]
[EventType "swiss"]
[EventRounds "9"]
[EventCountry "AUS"]
[SourceTitle "CBM 171 Extra"]
[Source "ChessBase"]
[SourceDate "2016.04.26"]
[SourceVersion "1"]
[SourceVersionDate "2016.04.26"]
[SourceQuality "1"]

1. c4 e5 2. Nc3 Nf6 3. Nf3 Nc6 4. e3 Bb4 5. Nd5 Nxd5 6. cxd5 Ne7 7. Nxe5 0-0 8. Qb3 Ba5 9. Be2 d6 10. Nc4 c6 11. Nxa5 Qxa5 12. dxc6 bxc6 13. 0-0 Be6 14. Qc3 Qb6 15. e4 d5 16. d3 Rab8 17. b3 d4 18. Qc2 f5 19. Ba3 Rf7 20. Bc5 Qd8 21. Bxa7 Rb5 22. Bc5 Ng6 23. b4 Nf4 24. Bf3 Qg5 25. Kh1 Qh6 26. Rae1 g5 27. exf5 Rxf5 28. Bxc6 g4 29. Rxe6 Rbxc5 30. Qxc5 Qxe6 31. Qc4 Nd5 32. b5 Kg7 33. Qxd4+ Kf8 34. Qh8+ Kf7 35. Qxh7+ Kf8 36. Bd7 1-0

[Event "Doeberl Cup 54th"]
[Site "Canberra"]
[Date "2016.03.26"]
[Round "5"]
[White "Davis, Tony J"]
[Black "Tao, Trevor"]
[Result "0-1"]
[WhiteElo "1875"]
[BlackElo "2384"]
[PlyCount "76"]
[EventDate "2016.03.24"]
[EventType "swiss"]
[EventRounds "9"]
[EventCountry "AUS"]
[SourceTitle "EXT 2018"]
[Source "ChessBase"]
[SourceDate "2017.10.13"]
[SourceVersion "1"]
[SourceVersionDate "2017.10.13"]
[SourceQuality "1"]

1. e4 c6 2. d4 d5 3. exd5 cxd5 4. c4 Nf6 5. Nc3 e6 6. Nf3 Be7 7. Bd3 0-0 8. 0-0 dxc4 9. Bxc4 a6 10. a4 Nc6 11. Re1 Nb4 12. Ne5 Bd7 13. Bg5 Bc6 14. Nxf7 Rxf7 15. Bxe6 Qf8 16. Qb3 a5 17. Re3 Nfd5 18. Bxe7 Nxe7 19. Rae1 Ng6 20. d5 Bd7 21. Bxf7+ Qxf7 22. Rf3 Bf5 23. Nb5 Nh4 24. Rf4 Nd3 25. Nd6 Qg6 26. Rxh4 Nxe1 27. Qg3 Rd8 28. Nxb7 Qxg3 29. hxg3 Rxd5 30. b4 Rd1 31. Kh2 axb4 32. Rxb4 Nd3 33. Rb3 Nxf2 34. g4 Nxg4+ 35. Kg3 Bd7 36. Rb4 Rd3+ 37. Kh4 Ne5 38. a5 Ng6+ 0-1

[Event "Doeberl Cup 53rd"]
[Site "Canberra"]
[Date "2015.04.05"]
[Round "8"]
[White "Johansen, Darryl Keith"]
[Black "Tao, Trevor"]
[Result "1-0"]
[WhiteElo "2409"]
[BlackElo "2413"]
[PlyCount "43"]
[EventDate "2015.04.02"]
[EventType "swiss"]
[EventRounds "9"]
[EventCountry "AUS"]
[SourceTitle "CBM 165 Extra"]
[Source "ChessBase"]
[SourceDate "2015.04.21"]
[SourceVersion "1"]
[SourceVersionDate "2015.04.21"]
[SourceQuality "1"]

1. c4 e5 2. Nc3 d6 3. d4 exd4 4. Qxd4 Nc6 5. Qd2 g6 6. b3 Bg7 7. Bb2 Nge7 8. g3 0-0 9. Bg2 a6 10. Nf3 Rb8 11. Nd5 Ne5 12. Nxe5 dxe5 13. Ba3 Nxd5 14. Bxf8 Qxf8 15. cxd5 e4 16. Rc1 Qd6 17. 0-0 Bf5 18. Qc2 Rd8 19. Bxe4 Bxe4 20. Qxe4 Qxd5 21. Qxd5 Rxd5 22. Rxc7 1-0

[Event "Doeberl Cup 52nd"]
[Site "Canberra"]
[Date "2014.04.19"]
[Round "5"]
[White "Tao, Trevor"]
[Black "Richards, Heather"]
[Result "1-0"]
[WhiteElo "2430"]
[BlackElo "2148"]
[PlyCount "97"]
[EventDate "2014.04.17"]
[EventType "swiss"]
[EventRounds "9"]
[EventCountry "AUS"]
[SourceTitle "CBM 159 Extra"]
[Source "ChessBase"]
[SourceDate "2014.04.24"]
[SourceVersion "1"]
[SourceVersionDate "2014.04.24"]
[SourceQuality "1"]

1. d4 Nf6 2. Bg5 Ne4 3. Bf4 c5 4. f3 Qa5+ 5. c3 Nf6 6. Nd2 cxd4 7. Nb3 Qf5 8. Bxb8 Rxb8 9. Qxd4 d5 10. Qxa7 Qe5 11. Qd4 Qxd4 12. cxd4 g6 13. e3 Bd7 14. Ne2 Bh6 15. Kd2 0-0 16. Nf4 b6 17. Rc1 Ba4 18. Rc3 Rfd8 19. Nd3 Ne8 20. Nb4 Ra8 21. Kc2 Bf8 22. a3 e6 23. Be2 Nd6 24. Kb1 Nf5 25. Rhc1 Bxb4 26. axb4 Bxb3 27. Rxb3 Ra4 28. Rc6 Rda8 29. Kc2 Ra1 30. Rxb6 Rh1 31. g4 Rxh2 32. gxf5 Rxe2+ 33. Kd3 Re1 34. fxe6 Raa1 35. exf7+ Kxf7 36. Rb7+ Kf6 37. Rc3 Rad1+ 38. Kc2 Rc1+ 39. Kb3 Rxc3+ 40. bxc3 h5 41. b5 Rxe3 42. b6 Rxf3 43. Rf7+ Kxf7 44. b7 Rf1 45. Ka2 Rf2+ 46. Ka3 Rc2 47. Kb3 Rc1 48. Kb2 Rf1 49. b8Q 1-0

[Event "Australian op"]
[Site "Cammeray"]
[Date "2013.01.12"]
[Round "10"]
[White "Tao, Trevor"]
[Black "Illingworth, Max"]
[Result "0-1"]
[WhiteElo "2440"]
[BlackElo "2408"]
[PlyCount "64"]
[EventDate "2013.01.02"]
[EventType "swiss"]
[EventRounds "11"]
[EventCountry "AUS"]
[SourceTitle "CBM 152 Extra"]
[Source "ChessBase"]
[SourceDate "2013.02.25"]
[SourceVersion "1"]
[SourceVersionDate "2013.02.25"]
[SourceQuality "1"]

1. e3 g6 2. c4 Bg7 3. Nf3 c5 4. Nc3 Nf6 5. d4 0-0 6. dxc5 Qa5 7. Nd4 Qxc5 8. a3 Nc6 9. Be2 Rd8 10. b4 Qe5 11. Bf3 Nxd4 12. Qxd4 Qxd4 13. exd4 d5 14. c5 Ne4 15. Ne2 b6 16. Rb1 Bf5 17. Rb3 bxc5 18. bxc5 e5 19. Bxe4 dxe4 20. dxe5 Bxe5 21. 0-0 Be6 22. Rb4 Bd5 23. Bf4 Bxf4 24. Nxf4 Bc6 25. Ne2 Rd2 26. Nd4 a5 27. Nxc6 axb4 28. axb4 Raa2 29. Re1 Re2 30. Rf1 e3 31. g3 Red2 32. Ne5 e2 0-1

[Event "Australian op"]
[Site "Cammeray"]
[Date "2013.01.11"]
[Round "9"]
[White "Morris, Michael"]
[Black "Tao, Trevor"]
[Result "0-1"]
[WhiteElo "2168"]
[BlackElo "2440"]
[PlyCount "110"]
[EventDate "2013.01.02"]
[EventType "swiss"]
[EventRounds "11"]
[EventCountry "AUS"]
[SourceTitle "CBM 152 Extra"]
[Source "ChessBase"]
[SourceDate "2013.02.25"]
[SourceVersion "1"]
[SourceVersionDate "2013.02.25"]
[SourceQuality "1"]

1. e4 c6 2. d4 d5 3. e5 Bf5 4. h4 h5 5. Bg5 Qb6 6. Bd3 Qxd4 7. Nf3 Qg4 8. Bxf5 Qxf5 9. 0-0 e6 10. c4 Be7 11. Qb3 b6 12. cxd5 exd5 13. Nc3 Bxg5 14. Nxg5 Ne7 15. Rae1 0-0 16. Qd1 g6 17. e6 f6 18. Nf7 Rxf7 19. exf7+ Kxf7 20. Qd2 Nd7 21. Qh6 Nf8 22. Ne2 Qg4 23. Qf4 Ne6 24. Qxg4 hxg4 25. f3 gxf3 26. Rxf3 d4 27. Ng3 Nd5 28. Ne4 Rf8 29. Kf2 c5 30. g3 Ke7 31. Ke2 Ne3 32. Rc1 f5 33. Nd2 b5 34. Rxe3 dxe3 35. Kxe3 Rd8 36. Nf3 Kf6 37. b3 Rd6 38. Ke2 Ra6 39. Rc2 Ra3 40. Rb2 g5 41. hxg5+ Nxg5 42. Nxg5 Kxg5 43. Rc2 Kg4 44. Rxc5 Rxa2+ 45. Ke3 a6 46. Rc8 Ra3 47. Rg8+ Kh3 48. Kf4 Rxb3 49. Kxf5 Rxg3 50. Ra8 Ra3 51. Rg8 a5 52. Ke4 Rb3 53. Kd4 a4 54. Rg7 a3 55. Rg8 Rb2 0-1

[Event "Australian op"]
[Site "Cammeray"]
[Date "2013.01.10"]
[Round "8"]
[White "Tao, Trevor"]
[Black "Li, Zuhao Luke"]
[Result "1/2-1/2"]
[WhiteElo "2440"]
[BlackElo "2261"]
[PlyCount "46"]
[EventDate "2013.01.02"]
[EventType "swiss"]
[EventRounds "11"]
[EventCountry "AUS"]
[SourceTitle "CBM 152 Extra"]
[Source "ChessBase"]
[SourceDate "2013.02.25"]
[SourceVersion "1"]
[SourceVersionDate "2013.02.25"]
[SourceQuality "1"]

1. d4 Nf6 2. Bg5 d5 3. Bxf6 exf6 4. e3 Bf5 5. Bd3 Bxd3 6. Qxd3 c6 7. Nf3 Bd6 8. 0-0 0-0 9. c4 dxc4 10. Qxc4 f5 11. Nc3 Nd7 12. Rfd1 Qf6 13. b4 b5 14. Qb3 a5 15. bxa5 Rxa5 16. a4 Rfa8 17. Ra2 b4 18. Nb1 Nb6 19. Nbd2 Rxa4 20. Rxa4 Rxa4 21. Nc4 Ra6 22. Nxd6 Qxd6 23. Ne5 Ra7 1/2-1/2

[Event "Australian op"]
[Site "Cammeray"]
[Date "2013.01.04"]
[Round "3"]
[White "Broekhuijse, Paul"]
[Black "Tao, Trevor"]
[Result "0-1"]
[WhiteElo "2081"]
[BlackElo "2440"]
[PlyCount "102"]
[EventDate "2013.01.02"]
[EventType "swiss"]
[EventRounds "11"]
[EventCountry "AUS"]
[SourceTitle "CBM 152 Extra"]
[Source "ChessBase"]
[SourceDate "2013.02.25"]
[SourceVersion "1"]
[SourceVersionDate "2013.02.25"]
[SourceQuality "1"]

1. d4 Nf6 2. c4 d6 3. Nc3 Nbd7 4. Nf3 e5 5. e4 Be7 6. Be2 0-0 7. 0-0 c6 8. h3 Qc7 9. Be3 exd4 10. Nxd4 Nc5 11. Qc2 a5 12. b3 Re8 13. Bf3 Bf8 14. a3 Qe7 15. Nf5 Qe6 16. Ng3 a4 17. Nxa4 Nxa4 18. bxa4 Qe5 19. Bd2 Nd7 20. Bc3 Qe6 21. Bb4 c5 22. Bg4 Qg6 23. Bf3 Qg5 24. Bd2 Qh4 25. a5 g6 26. Bg4 h5 27. Be2 Ne5 28. Qc1 Qe7 29. f4 Nc6 30. f5 Bg7 31. Bg5 f6 32. Bh6 h4 33. Nh1 Qxe4 34. Bxg7 Kxg7 35. Bf3 Qd4+ 36. Nf2 Bxf5 37. Bxc6 bxc6 38. Re1 Rxe1+ 39. Qxe1 Qe5 40. Ng4 Bxg4 41. hxg4 d5 42. Qxe5 fxe5 43. Rd1 d4 44. Kf2 Rxa5 45. Rb1 Rxa3 46. Rb6 e4 47. Rxc6 e3+ 48. Kf3 Ra2 49. Rc7+ Kf8 50. Rxc5 Rf2+ 51. Ke4 e2 0-1

[Event "Queenstown op"]
[Site "Queenstown"]
[Date "2012.01.22"]
[Round "8"]
[White "Ikeda, Junta"]
[Black "Tao, Trevor"]
[Result "0-1"]
[WhiteElo "2349"]
[BlackElo "2422"]
[PlyCount "112"]
[EventDate "2012.01.15"]
[EventType "swiss"]
[EventRounds "9"]
[EventCountry "NZL"]
[SourceTitle "CBM 146 Extra"]
[Source "ChessBase"]
[SourceDate "2012.02.29"]
[SourceVersion "1"]
[SourceVersionDate "2012.02.29"]
[SourceQuality "1"]

1. c4 c5 2. Nf3 Nc6 3. g3 g6 4. Bg2 Bg7 5. Nc3 d6 6. 0-0 Bd7 7. e3 Bxc3 8. dxc3 Qc8 9. Re1 Bh3 10. Bh1 Bg4 11. Qc2 Kf8 12. e4 Kg7 13. Nh4 Nf6 14. f3 Bh3 15. Be3 h6 16. f4 Ng4 17. Bd2 Rb8 18. Bg2 Bxg2 19. Kxg2 e5 20. Rf1 exf4 21. Rxf4 Nge5 22. Raf1 Qe6 23. b3 Rbf8 24. Kh1 f6 25. Bc1 Rf7 26. Qe2 h5 27. Rd1 Ne7 28. Rff1 g5 29. Ng2 Rff8 30. Ne3 Rd8 31. Ng2 Qh3 32. Ne3 Ng4 33. Qg2 Qxg2+ 34. Nxg2 Ne5 35. Kg1 Rhg8 36. Kf2 Kf7 37. Ke2 Ke6 38. Be3 Rh8 39. Kd2 N7g6 40. Bf2 Nf3+ 41. Ke2 Nxh2 42. Rh1 Ng4 43. Rh3 Rd7 44. Rdh1 Ke5 45. Rd1 Nxf2 46. Kxf2 Kxe4 47. g4 hxg4 48. Re1+ Kf5 49. Ne3+ Ke6 50. Nxg4+ Kf7 51. Nh6+ Kf8 52. Re6 Nf4 53. Rxf6+ Kg7 54. Rxf4 gxf4 55. Nf5+ Kg8 56. Rd3 Rh2+ 0-1

[Event "Queenstown op"]
[Site "Queenstown"]
[Date "2012.01.17"]
[Round "3"]
[White "Tao, Trevor"]
[Black "Repplinger, Marc"]
[Result "1-0"]
[WhiteElo "2422"]
[BlackElo "2241"]
[PlyCount "67"]
[EventDate "2012.01.15"]
[EventType "swiss"]
[EventRounds "9"]
[EventCountry "NZL"]
[SourceTitle "CBM 146 Extra"]
[Source "ChessBase"]
[SourceDate "2012.02.29"]
[SourceVersion "1"]
[SourceVersionDate "2012.02.29"]
[SourceQuality "1"]

1. e4 e6 2. d4 d5 3. Nd2 Nf6 4. e5 Nfd7 5. f4 c5 6. Ndf3 Nc6 7. Ne2 Be7 8. g3 Qb6 9. Bh3 cxd4 10. Nexd4 Nc5 11. 0-0 Ne4 12. Kg2 g6 13. c3 Bd7 14. Qb3 Nxd4 15. Qxb6 axb6 16. Nxd4 b5 17. Be3 h5 18. a3 Ra6 19. Kg1 Nc5 20. Rf2 Na4 21. Bf1 Bc5 22. Re1 Bxd4 23. Bxd4 b6 24. b3 Nc5 25. a4 Nxb3 26. axb5 Ra8 27. Bxb6 Rc8 28. Rb2 Rxc3 29. Re3 Rxe3 30. Bxe3 d4 31. Bf2 Nc5 32. Bxd4 Nb7 33. Bg2 Nd8 34. b6 1-0

[Event "Queenstown op"]
[Site "Queenstown"]
[Date "2012.01.16"]
[Round "2"]
[White "Jones, Brian"]
[Black "Tao, Trevor"]
[Result "0-1"]
[WhiteElo "2092"]
[BlackElo "2422"]
[PlyCount "36"]
[EventDate "2012.01.15"]
[EventType "swiss"]
[EventRounds "9"]
[EventCountry "NZL"]
[SourceTitle "CBM 146 Extra"]
[Source "ChessBase"]
[SourceDate "2012.02.29"]
[SourceVersion "1"]
[SourceVersionDate "2012.02.29"]
[SourceQuality "1"]

1. d4 Nf6 2. c4 d6 3. Nc3 Nbd7 4. e4 e5 5. d5 Be7 6. h3 0-0 7. g4 Nc5 8. Bd3 Ne8 9. Nf3 Nxd3+ 10. Qxd3 g6 11. Bh6 Ng7 12. Rg1 c5 13. a4 a6 14. Ra3 Rb8 15. Qb1 Bd7 16. b4 cxb4 17. Qxb4 Qc7 18. Nxe5 a5 0-1